00579nam a2200181 a 4500008004100000020001500041050001800056110003200074245009200106260004600198300001600244350000900260500002900269650001300298650003900311650002500350650002200375120416s1985 ||||||||||||||||| || u a9221050947 aHD 2755.5 Mul aInternational Labour Office10aMultinational enterprises: information and consultation concerning their manpower plans aGenevabInternational Labour Officec1985 axii, 195 p. a0.00 aIncludes bibliographies. 0aBUSINESS 0aINTERNATIONAL BUSINESS ENTERPRISES 0aINDUSTRIAL RELATIONS aMANPOWER PLANNING